[Event "ODJM A 2023"]
[Site "Willingen GER"]
[Date "2023.05.31"]
[Round "5"]
[White "Menzel, Maximilian"]
[Black "Stegert, Jonas"]
[Result "1-0"]
[Termination "normal"]
[Board "23"]
[WhiteElo "1855"]
[BlackElo "1838"]
[WhiteClock "00:21:23"]
[BlackClock "01:09:18"]
[PlyCount "67"]
[WhiteFideId "34617280"]
[BlackFideId "16247965"]
[EventCountry "GER"]
[EventRounds "9"]
[EventType "swiss"]
[EventDate "2023.05.27"]

1. d4 {[%clk 01:30:58]} {[%emt 00:00:01]} Nf6 {[%clk 01:30:53]} {[%emt
00:00:07]} 2. c4 {[%clk 01:31:25]} {[%emt 00:00:04]} e6 {[%clk 01:31:12]}
{[%emt 00:00:11]} 3. g3 {[%clk 01:31:50]} {[%emt 00:00:04]} d5 {[%clk
01:31:31]} {[%emt 00:00:12]} 4. Nf3 {[%clk 01:32:15]} {[%emt 00:00:05]} b6
{[%clk 01:31:52]} {[%emt 00:00:09]} 5. Bg2 {[%clk 01:32:40]} {[%emt 00:00:05]}
Bb7 {[%clk 01:32:18]} {[%emt 00:00:04]} 6. O-O {[%clk 01:33:02]} {[%emt
00:00:07]} Be7 {[%clk 01:32:43]} {[%emt 00:00:05]} 7. cxd5 {[%clk 01:32:38]}
{[%emt 00:00:55]} Bxd5 {[%clk 01:32:42]} {[%emt 00:00:31]} 8. Nc3 {[%clk
01:32:37]} {[%emt 00:00:31]} Bb7 {[%clk 01:33:01]} {[%emt 00:00:11]} 9. Qc2
{[%clk 01:15:11]} {[%emt 00:17:56]} O-O {[%clk 01:32:28]} {[%emt 00:01:02]} 10.
e4 {[%clk 01:11:13]} {[%emt 00:04:27]} Nbd7 {[%clk 01:26:03]} {[%emt 00:06:55]}
11. Rd1 {[%clk 01:09:51]} {[%emt 00:01:53]} Bb4 {[%clk 01:21:40]} {[%emt
00:04:53]} 12. e5 {[%clk 01:03:10]} {[%emt 00:07:10]} Nd5 {[%clk 01:21:40]}
{[%emt 00:00:31]} 13. Ng5 {[%clk 00:55:11]} {[%emt 00:08:29]} g6 {[%clk
01:21:55]} {[%emt 00:00:15]} 14. Nxd5 {[%clk 00:53:25]} {[%emt 00:02:17]} Bxd5
{[%clk 01:22:19]} {[%emt 00:00:06]} 15. Bxd5 {[%clk 00:53:51]} {[%emt
00:00:03]} exd5 {[%clk 01:22:43]} {[%emt 00:00:06]} 16. e6 {[%clk 00:54:00]}
{[%emt 00:00:21]} fxe6 {[%clk 01:12:40]} {[%emt 00:10:33]} 17. Nxe6 {[%clk
00:51:31]} {[%emt 00:02:59]} Qf6 {[%clk 01:13:04]} {[%emt 00:00:06]} 18. Nxf8
{[%clk 00:51:35]} {[%emt 00:00:26]} Rxf8 {[%clk 01:13:29]} {[%emt 00:00:05]}
19. Bf4 {[%clk 00:49:08]} {[%emt 00:02:57]} Bd6 {[%clk 01:09:48]} {[%emt
00:04:11]} 20. Bxd6 {[%clk 00:49:25]} {[%emt 00:00:13]} Qxd6 {[%clk 01:10:05]}
{[%emt 00:00:13]} 21. Rac1 {[%clk 00:48:52]} {[%emt 00:03:52]} c5 {[%clk
01:10:27]} 22. Qe2 {[%clk 00:35:48]} {[%emt 00:10:52]} Nf6 {[%clk 01:10:04]}
{[%emt 00:00:54]} 23. Qe5 {[%clk 00:34:38]} {[%emt 00:01:39]} Qd8 {[%clk
01:10:06]} {[%emt 00:00:28]} 24. dxc5 {[%clk 00:32:49]} {[%emt 00:02:19]} bxc5
{[%clk 01:09:04]} {[%emt 00:01:32]} 25. Rxc5 {[%clk 00:28:42]} {[%emt
00:04:37]} Qb6 {[%clk 01:09:26]} {[%emt 00:00:09]} 26. Rc2 {[%clk 00:27:04]}
{[%emt 00:02:07]} Re8 {[%clk 01:08:52]} {[%emt 00:01:04]} 27. Qd4 {[%clk
00:26:15]} {[%emt 00:01:19]} Qe6 {[%clk 01:08:45]} {[%emt 00:00:38]} 28. Rc7
{[%clk 00:24:13]} {[%emt 00:02:31]} Re7 {[%clk 01:08:14]} {[%emt 00:01:01]} 29.
Qxa7 {[%clk 00:22:11]} {[%emt 00:02:32]} Rxc7 {[%clk 01:08:25]} {[%emt
00:00:20]} 30. Qxc7 {[%clk 00:22:39]} {[%emt 00:00:01]} Qe2 {[%clk 01:08:10]}
{[%emt 00:00:45]} 31. Qd8+ {[%clk 00:21:57]} {[%emt 00:01:12]} Kg7 {[%clk
01:08:31]} {[%emt 00:00:09]} 32. Rc1 {[%clk 00:21:26]} {[%emt 00:01:01]} h5
{[%clk 01:08:54]} {[%emt 00:00:08]} 33. Rc7+ {[%clk 00:21:09]} {[%emt
00:00:47]} Kh6 {[%clk 01:09:18]} {[%emt 00:00:06]} 34. Qxf6 {[%clk 00:21:23]}
{[%emt 00:00:15]} 1-0

[Event "ODJM A 2023"]
[Site "Willingen GER"]
[Date "2023.05.31"]
[Round "5"]
[White "Hoffmann, Kay"]
[Black "Meyer, Emil"]
[Result "1/2-1/2"]
[Termination "normal"]
[Board "24"]
[WhiteElo "1805"]
[BlackElo "1825"]
[WhiteClock "00:32:09"]
[BlackClock "00:52:58"]
[PlyCount "53"]
[WhiteFideId "16227000"]
[BlackFideId "34625771"]
[EventCountry "GER"]
[EventRounds "9"]
[EventType "swiss"]
[EventDate "2023.05.27"]

1. d4 {[%clk 01:30:58]} {[%emt 00:00:02]} d5 {[%clk 01:30:54]} {[%emt
00:00:04]} 2. Bf4 {[%clk 01:31:25]} {[%emt 00:00:04]} Nf6 {[%clk 01:31:16]}
{[%emt 00:00:07]} 3. e3 {[%clk 01:31:52]} {[%emt 00:00:03]} c5 {[%clk
01:31:40]} {[%emt 00:00:07]} 4. c3 {[%clk 01:32:19]} {[%emt 00:00:03]} e6
{[%clk 01:30:34]} {[%emt 00:01:36]} 5. Nf3 {[%clk 01:32:41]} {[%emt 00:00:09]}
Bd6 {[%clk 01:30:59]} {[%emt 00:00:05]} 6. Bg3 {[%clk 01:32:58]} {[%emt
00:00:14]} Qc7 {[%clk 01:29:05]} {[%emt 00:02:23]} 7. Nbd2 {[%clk 01:33:07]}
{[%emt 00:00:21]} Nbd7 {[%clk 01:29:13]} {[%emt 00:00:22]} 8. Bd3 {[%clk
01:32:52]} {[%emt 00:00:46]} b5 {[%clk 01:20:06]} {[%emt 00:09:36]} 9. Bxb5
{[%clk 01:30:09]} {[%emt 00:03:14]} Rb8 {[%clk 01:20:11]} {[%emt 00:00:24]} 10.
Bxd6 {[%clk 01:28:48]} {[%emt 00:01:50]} Qxd6 {[%clk 01:20:20]} {[%emt
00:00:21]} 11. dxc5 {[%clk 01:28:29]} {[%emt 00:00:50]} Qxc5 {[%clk 01:20:15]}
{[%emt 00:00:34]} 12. Bxd7+ {[%clk 01:28:51]} {[%emt 00:00:09]} Nxd7 {[%clk
01:19:38]} {[%emt 00:01:07]} 13. Nb3 {[%clk 01:29:09]} {[%emt 00:00:13]} Qb6
{[%clk 01:15:15]} {[%emt 00:04:53]} 14. Qd4 {[%clk 01:24:41]} {[%emt 00:04:57]}
O-O {[%clk 01:10:05]} {[%emt 00:05:39]} 15. O-O {[%clk 01:22:55]} {[%emt
00:02:17]} Qc7 {[%clk 01:07:04]} {[%emt 00:03:31]} 16. Rac1 {[%clk 01:10:49]}
{[%emt 00:12:36]} Ba6 {[%clk 01:04:09]} {[%emt 00:03:24]} 17. Rfd1 {[%clk
01:07:01]} {[%emt 00:04:19]} Be2 {[%clk 01:02:53]} {[%emt 00:01:46]} 18. Re1
{[%clk 00:59:10]} {[%emt 00:08:21]} Bc4 {[%clk 00:59:27]} {[%emt 00:03:54]} 19.
Nfd2 {[%clk 00:58:44]} {[%emt 00:00:58]} a5 {[%clk 00:57:38]} {[%emt 00:04:16]}
20. Nxc4 {[%clk 00:43:35]} {[%emt 00:13:43]} dxc4 {[%clk 00:57:54]} {[%emt
00:00:13]} 21. Nd2 {[%clk 00:43:34]} {[%emt 00:00:31]} Rxb2 {[%clk 00:57:48]}
{[%emt 00:00:36]} 22. Nxc4 {[%clk 00:42:50]} {[%emt 00:01:14]} Rxa2 {[%clk
00:56:54]} {[%emt 00:01:23]} 23. Ra1 {[%clk 00:42:18]} {[%emt 00:01:02]} e5
{[%clk 00:54:26]} {[%emt 00:02:58]} 24. Qd3 {[%clk 00:40:27]} {[%emt 00:02:21]}
Rxa1 {[%clk 00:52:53]} {[%emt 00:02:04]} 25. Rxa1 {[%clk 00:40:49]} {[%emt
00:00:08]} Rc8 {[%clk 00:52:53]} {[%emt 00:00:29]} 26. Nxa5 {[%clk 00:31:45]}
{[%emt 00:09:35]} Qxc3 {[%clk 00:52:58]} {[%emt 00:00:24]} 27. Qxc3 {[%clk
00:32:09]} {[%emt 00:00:07]} 1/2-1/2

[Event "ODJM A 2023"]
[Site "Willingen GER"]
[Date "2023.05.31"]
[Round "5"]
[White "Andresen, Marc"]
[Black "Frohnhäuser, Simon"]
[Result "0-1"]
[Termination "normal"]
[Board "25"]
[WhiteElo "1748"]
[BlackElo "1901"]
[WhiteClock "00:38:57"]
[BlackClock "00:55:32"]
[PlyCount "52"]
[WhiteFideId "16233719"]
[BlackFideId "16208528"]
[EventCountry "GER"]
[EventRounds "9"]
[EventType "swiss"]
[EventDate "2023.05.27"]

1. Nf3 {[%clk 01:30:58]} {[%emt 00:00:02]} Nf6 {[%clk 01:30:54]} {[%emt
00:00:05]} 2. c4 {[%clk 01:31:18]} {[%emt 00:00:10]} c5 {[%clk 01:31:20]}
{[%emt 00:00:05]} 3. g3 {[%clk 01:31:44]} {[%emt 00:00:04]} d5 {[%clk
01:31:45]} {[%emt 00:00:04]} 4. cxd5 {[%clk 01:32:06]} {[%emt 00:00:09]} Nxd5
{[%clk 01:32:10]} {[%emt 00:00:05]} 5. Bg2 {[%clk 01:32:32]} {[%emt 00:00:04]}
Nc6 {[%clk 01:32:35]} {[%emt 00:00:05]} 6. O-O {[%clk 01:32:49]} {[%emt
00:00:12]} e5 {[%clk 01:32:59]} {[%emt 00:00:07]} 7. d3 {[%clk 01:32:47]}
{[%emt 00:00:32]} Be7 {[%clk 01:32:48]} {[%emt 00:00:41]} 8. b3 {[%clk
01:32:47]} {[%emt 00:00:29]} O-O {[%clk 01:33:02]} {[%emt 00:00:16]} 9. Bb2
{[%clk 01:33:13]} {[%emt 00:00:04]} f6 {[%clk 01:32:07]} {[%emt 00:01:25]} 10.
Nbd2 {[%clk 01:28:59]} {[%emt 00:04:43]} Nc7 {[%clk 01:32:01]} {[%emt
00:00:36]} 11. Rc1 {[%clk 01:28:59]} {[%emt 00:00:31]} Bd7 {[%clk 01:31:40]}
{[%emt 00:00:51]} 12. Ne4 {[%clk 01:25:38]} {[%emt 00:03:50]} b6 {[%clk
01:31:35]} {[%emt 00:00:36]} 13. Nfd2 {[%clk 01:25:21]} {[%emt 01:09:44]} Rc8
{[%clk 01:26:26]} 14. a3 {[%clk 01:20:51]} Ne6 {[%clk 01:20:48]} 15. e3 {[%clk
01:12:00]} Be8 {[%clk 01:09:28]} 16. Qe2 {[%clk 01:10:16]} Bf7 {[%clk
01:09:29]} 17. Rc2 {[%clk 00:49:00]} Qd7 {[%clk 01:05:16]} 18. Rfc1 {[%clk
00:49:08]} Rfd8 {[%clk 01:04:31]} 19. b4 {[%clk 00:44:16]} {[%emt 00:05:12]} f5
{[%clk 01:01:47]} {[%emt 00:03:14]} 20. Nc3 {[%clk 00:41:36]} {[%emt 00:03:10]}
Qxd3 {[%clk 01:02:03]} {[%emt 00:00:13]} 21. Qxd3 {[%clk 00:42:02]} {[%emt
00:00:05]} Rxd3 {[%clk 01:02:29]} {[%emt 00:00:05]} 22. Bf1 {[%clk 00:42:28]}
{[%emt 00:00:04]} Rdd8 {[%clk 01:02:34]} {[%emt 00:00:24]} 23. Ba6 {[%clk
00:41:10]} {[%emt 00:01:48]} Rb8 {[%clk 01:00:07]} {[%emt 00:02:58]} 24. Na4
{[%clk 00:38:58]} {[%emt 00:02:41]} b5 {[%clk 00:54:42]} {[%emt 00:05:55]} 25.
Nxc5 {[%clk 00:38:38]} {[%emt 00:00:50]} Bxc5 {[%clk 00:55:06]} {[%emt
00:00:05]} 26. bxc5 {[%clk 00:38:57]} {[%emt 00:00:11]} Nc7 {[%clk 00:55:32]}
{[%emt 00:00:04]} 0-1

[Event "ODJM A 2023"]
[Site "Willingen GER"]
[Date "2023.05.31"]
[Round "5"]
[White "Möller, Tom"]
[Black "Kieselbach, Jannik"]
[Result "0-1"]
[Termination "normal"]
[Board "26"]
[WhiteElo "1417"]
[BlackElo "1765"]
[WhiteClock "00:13:56"]
[BlackClock "00:43:18"]
[PlyCount "48"]
[WhiteFideId "16287215"]
[BlackFideId "16246403"]
[EventCountry "GER"]
[EventRounds "9"]
[EventType "swiss"]
[EventDate "2023.05.27"]

1. d4 {[%clk 01:30:59]} Nf6 {[%clk 01:30:51]} {[%emt 00:00:09]} 2. Nc3 {[%clk
01:31:24]} {[%emt 00:00:06]} d5 {[%clk 01:31:14]} {[%emt 00:00:05]} 3. Bf4
{[%clk 01:31:49]} {[%emt 00:00:07]} c5 {[%clk 01:31:39]} {[%emt 00:00:05]} 4.
e3 {[%clk 01:32:06]} {[%emt 00:00:13]} cxd4 {[%clk 01:32:03]} {[%emt 00:00:05]}
5. exd4 {[%clk 01:32:29]} {[%emt 00:00:07]} Bg4 {[%clk 01:32:28]} {[%emt
00:00:05]} 6. Be2 {[%clk 01:27:37]} {[%emt 00:05:23]} Bxe2 {[%clk 01:31:27]}
{[%emt 00:01:30]} 7. Qxe2 {[%clk 01:27:47]} {[%emt 00:00:21]} e6 {[%clk
01:30:29]} {[%emt 00:01:27]} 8. O-O-O {[%clk 01:25:11]} {[%emt 00:03:06]} a6
{[%clk 01:29:45]} {[%emt 00:01:13]} 9. Nf3 {[%clk 01:21:52]} {[%emt 00:03:51]}
Bd6 {[%clk 01:26:52]} {[%emt 00:03:21]} 10. Ne5 {[%clk 01:20:18]} {[%emt
00:02:05]} Nc6 {[%clk 01:25:49]} {[%emt 00:01:34]} 11. Rd3 {[%clk 01:15:10]}
{[%emt 00:05:38]} Qc7 {[%clk 01:23:27]} {[%emt 00:02:50]} 12. Kb1 {[%clk
01:12:15]} {[%emt 00:03:27]} O-O {[%clk 01:16:41]} {[%emt 00:07:15]} 13. Re1
{[%clk 01:05:30]} {[%emt 00:07:16]} Rac8 {[%clk 01:13:52]} {[%emt 00:03:19]}
14. Bg5 {[%clk 00:53:11]} {[%emt 00:12:50]} Ne4 {[%clk 00:59:15]} {[%emt
00:15:05]} 15. Nxe4 {[%clk 00:45:11]} {[%emt 00:08:31]} dxe4 {[%clk 00:59:09]}
{[%emt 00:00:36]} 16. Rh3 {[%clk 00:21:18]} {[%emt 00:24:23]} Nxd4 {[%clk
00:50:40]} {[%emt 00:08:59]} 17. Qh5 {[%clk 00:18:04]} {[%emt 00:03:44]} Qxc2+
{[%clk 00:50:45]} {[%emt 00:00:25]} 18. Ka1 {[%clk 00:18:32]} {[%emt 00:00:03]}
e3 {[%clk 00:50:46]} {[%emt 00:00:29]} 19. Bxe3 {[%clk 00:18:38]} {[%emt
00:00:24]} Qe4 {[%clk 00:46:38]} {[%emt 00:04:37]} 20. Nd3 {[%clk 00:13:51]}
{[%emt 00:05:16]} Nc2+ {[%clk 00:46:02]} {[%emt 00:01:06]} 21. Kb1 {[%clk
00:14:18]} {[%emt 00:00:04]} Qxd3 {[%clk 00:42:55]} {[%emt 00:03:36]} 22. Rd1
{[%clk 00:13:05]} {[%emt 00:01:43]} Na3+ {[%clk 00:43:02]} {[%emt 00:00:22]}
23. Ka1 {[%clk 00:13:32]} {[%emt 00:00:04]} Qb1+ {[%clk 00:43:18]} {[%emt
00:00:13]} 24. Rxb1 {[%clk 00:13:56]} {[%emt 00:00:06]} Nc2# {[%emt 00:00:05]}
0-1

[Event "ODJM A 2023"]
[Site "Willingen GER"]
[Date "2023.05.31"]
[Round "5"]
[White "Seitz, Manuel"]
[Black "Zobel, Christian"]
[Result "0-1"]
[Termination "normal"]
[Board "27"]
[WhiteElo "1791"]
[BlackElo "1633"]
[WhiteClock "00:01:45"]
[BlackClock "00:01:59"]
[PlyCount "68"]
[WhiteFideId "16215770"]
[BlackFideId "16259068"]
[EventCountry "GER"]
[EventRounds "9"]
[EventType "swiss"]
[EventDate "2023.05.27"]

1. e4 {[%clk 01:30:55]} {[%emt 00:00:04]} e5 {[%clk 01:30:53]} {[%emt
00:00:08]} 2. Bc4 {[%clk 01:31:06]} {[%emt 00:00:19]} Nc6 {[%clk 01:29:48]}
{[%emt 00:01:35]} 3. Nf3 {[%clk 01:31:12]} {[%emt 00:00:24]} Nf6 {[%clk
01:25:49]} {[%emt 00:04:29]} 4. Ng5 {[%clk 01:30:42]} {[%emt 00:00:59]} d5
{[%clk 01:26:03]} {[%emt 00:00:16]} 5. exd5 {[%clk 01:31:04]} {[%emt 00:00:09]}
Na5 {[%clk 01:26:29]} {[%emt 00:00:05]} 6. Bb5+ {[%clk 01:31:13]} {[%emt
00:00:21]} c6 {[%clk 01:26:44]} {[%emt 00:00:15]} 7. dxc6 {[%clk 01:31:30]}
{[%emt 00:00:12]} bxc6 {[%clk 01:27:13]} {[%emt 00:00:02]} 8. Bd3 {[%clk
01:31:38]} {[%emt 00:00:21]} Bc5 {[%clk 01:24:52]} {[%emt 00:02:49]} 9. O-O
{[%clk 01:19:54]} {[%emt 01:12:52]} O-O {[%clk 01:23:47]} 10. Nc3 {[%clk
01:11:38]} h6 {[%clk 01:14:33]} 11. Nge4 {[%clk 01:07:27]} Nxe4 12. Nxe4 {[%clk
01:04:23]} Be7 {[%clk 01:07:38]} 13. Be2 {[%clk 01:00:59]} f5 {[%clk 01:00:41]}
14. Nc3 {[%clk 00:58:52]} Be6 {[%clk 00:54:48]} 15. d3 {[%clk 00:57:41]} Qd7
{[%clk 00:49:45]} {[%emt 00:03:14]} 16. Bf3 {[%clk 00:41:57]} {[%emt 00:16:15]}
g5 {[%clk 00:42:17]} {[%emt 00:07:58]} 17. h3 {[%clk 00:39:53]} {[%emt
00:02:34]} Rf6 {[%clk 00:29:38]} {[%emt 00:13:09]} 18. g4 {[%clk 00:33:16]}
{[%emt 00:07:07]} Raf8 {[%clk 00:26:01]} {[%emt 00:04:06]} 19. gxf5 {[%clk
00:29:35]} {[%emt 00:04:12]} Bxf5 {[%clk 00:21:23]} {[%emt 00:05:08]} 20. Bg4
{[%clk 00:29:41]} {[%emt 00:00:23]} Qe8 {[%clk 00:11:56]} {[%emt 00:09:58]} 21.
Ne4 {[%clk 00:22:30]} {[%emt 00:07:41]} Bxe4 {[%clk 00:11:57]} {[%emt
00:00:29]} 22. dxe4 {[%clk 00:22:46]} {[%emt 00:00:14]} Bc5 {[%clk 00:09:34]}
{[%emt 00:02:51]} 23. Bf5 {[%clk 00:22:48]} {[%emt 00:00:29]} Nc4 {[%clk
00:09:33]} {[%emt 00:00:32]} 24. b4 {[%clk 00:17:47]} {[%emt 00:05:30]} Bxb4
{[%clk 00:07:42]} {[%emt 00:02:21]} 25. Qd3 {[%clk 00:17:40]} {[%emt 00:00:36]}
Qf7 {[%clk 00:07:01]} {[%emt 00:01:11]} 26. Be3 {[%clk 00:15:41]} {[%emt
00:02:29]} Nd6 {[%clk 00:05:31]} {[%emt 00:02:00]} 27. a3 {[%clk 00:07:05]}
{[%emt 00:09:06]} Nxf5 {[%clk 00:05:11]} {[%emt 00:00:50]} 28. axb4 {[%clk
00:06:34]} {[%emt 00:01:01]} Nxe3 {[%clk 00:04:06]} {[%emt 00:01:36]} 29. Qxe3
{[%clk 00:05:32]} {[%emt 00:01:32]} Rf3 {[%clk 00:03:36]} {[%emt 00:01:00]} 30.
Qxa7 {[%clk 00:03:36]} {[%emt 00:02:27]} Qh5 {[%clk 00:02:21]} {[%emt
00:01:45]} 31. Qd7 {[%clk 00:03:31]} {[%emt 00:00:35]} Rxh3 {[%clk 00:01:53]}
{[%emt 00:00:57]} 32. Qe6+ {[%clk 00:03:04]} {[%emt 00:00:58]} Rf7 {[%clk
00:01:29]} {[%emt 00:00:54]} 33. f3 {[%clk 00:01:24]} {[%emt 00:02:10]} Rh1+
{[%clk 00:01:34]} {[%emt 00:00:24]} 34. Kf2 {[%clk 00:01:45]} {[%emt 00:00:09]}
Qxf3+ {[%clk 00:01:59]} {[%emt 00:00:06]} 0-1

[Event "ODJM A 2023"]
[Site "Willingen GER"]
[Date "2023.05.31"]
[Round "5"]
[White "Schwarz, David"]
[Black "Riechenberg, Sebastian"]
[Result "1/2-1/2"]
[Termination "normal"]
[Board "29"]
[WhiteElo "1431"]
[BlackElo "1655"]
[WhiteClock "00:21:47"]
[BlackClock "00:34:49"]
[PlyCount "111"]
[WhiteFideId "16287614"]
[BlackFideId "34605231"]
[EventCountry "GER"]
[EventRounds "9"]
[EventType "swiss"]
[EventDate "2023.05.27"]

1. e4 {[%clk 01:30:58]} {[%emt 00:00:02]} c5 {[%clk 01:30:52]} {[%emt
00:00:08]} 2. c3 {[%clk 01:31:25]} {[%emt 00:00:03]} d5 {[%clk 01:31:05]}
{[%emt 00:00:17]} 3. exd5 {[%clk 01:31:51]} {[%emt 00:00:04]} Qxd5 {[%clk
01:31:28]} {[%emt 00:00:07]} 4. d4 {[%clk 01:32:19]} {[%emt 00:00:02]} Nc6
{[%clk 01:31:13]} {[%emt 00:00:44]} 5. Nf3 {[%clk 01:32:44]} {[%emt 00:00:05]}
Nf6 {[%clk 01:31:36]} {[%emt 00:00:08]} 6. Be2 {[%clk 01:32:47]} {[%emt
00:00:27]} cxd4 {[%emt 00:00:07]} 7. cxd4 {[%clk 01:33:12]} {[%emt 00:00:04]}
e6 {[%clk 01:32:14]} {[%emt 00:00:16]} 8. Nc3 {[%clk 01:33:38]} {[%emt
00:00:04]} Qd6 {[%clk 01:32:05]} {[%emt 00:00:39]} 9. O-O {[%clk 01:33:13]}
{[%emt 00:00:55]} Be7 {[%clk 01:32:21]} {[%emt 00:00:14]} 10. Nb5 {[%clk
01:30:52]} {[%emt 00:02:52]} Qd8 {[%clk 01:31:51]} {[%emt 00:00:59]} 11. Bf4
{[%clk 01:26:28]} {[%emt 00:04:55]} Nd5 {[%clk 01:31:28]} {[%emt 00:00:53]} 12.
Bg3 {[%clk 01:26:39]} {[%emt 00:00:19]} a6 {[%clk 01:30:10]} {[%emt 00:01:48]}
13. Nc3 {[%clk 01:26:46]} {[%emt 00:00:35]} O-O {[%clk 01:28:13]} {[%emt
00:02:15]} 14. Rc1 {[%clk 01:25:17]} {[%emt 00:02:00]} Bf6 {[%clk 01:26:06]}
{[%emt 00:02:38]} 15. Ne4 {[%clk 01:21:17]} {[%emt 00:04:29]} Qb6 {[%clk
01:22:13]} {[%emt 00:04:23]} 16. Nd6 {[%clk 01:11:20]} {[%emt 00:10:27]} Nxd4
{[%clk 01:18:11]} {[%emt 00:04:32]} 17. Nxd4 {[%clk 01:10:06]} {[%emt
00:01:44]} Qxd4 {[%clk 01:08:17]} {[%emt 00:10:23]} 18. Qxd4 {[%clk 01:00:41]}
{[%emt 00:09:55]} Bxd4 {[%clk 01:07:47]} {[%emt 00:01:00]} 19. Rc4 {[%clk
01:00:05]} {[%emt 00:01:06]} Bxb2 {[%clk 00:53:36]} {[%emt 00:14:42]} 20. Rb1
{[%clk 01:00:26]} {[%emt 00:00:08]} b5 {[%clk 00:53:55]} {[%emt 00:00:11]} 21.
Rxc8 {[%clk 00:59:03]} {[%emt 00:01:53]} Rfxc8 {[%clk 00:51:13]} {[%emt
00:03:12]} 22. Nxc8 {[%clk 00:59:16]} {[%emt 00:00:17]} Ba3 {[%clk 00:51:28]}
{[%emt 00:00:16]} 23. Bd6 {[%clk 00:47:50]} {[%emt 00:11:55]} Nc3 {[%clk
00:46:56]} {[%emt 00:05:02]} 24. Re1 {[%clk 00:47:05]} {[%emt 00:01:15]} Bxd6
{[%clk 00:47:14]} {[%emt 00:00:13]} 25. Nxd6 {[%clk 00:47:29]} {[%emt
00:00:05]} Rd8 {[%clk 00:47:37]} {[%emt 00:00:07]} 26. Nxf7 {[%clk 00:41:58]}
{[%emt 00:06:01]} Nxe2+ {[%clk 00:47:34]} {[%emt 00:00:33]} 27. Kf1 {[%clk
00:42:24]} {[%emt 00:00:04]} Kxf7 {[%clk 00:47:02]} {[%emt 00:01:02]} 28. Kxe2
{[%clk 00:42:40]} {[%emt 00:00:13]} Rd4 {[%clk 00:46:25]} {[%emt 00:01:07]} 29.
Rc1 {[%clk 00:42:36]} {[%emt 00:00:34]} Ra4 {[%clk 00:46:32]} {[%emt 00:00:23]}
30. Rc2 {[%clk 00:43:02]} {[%emt 00:00:04]} Ra3 {[%clk 00:46:58]} {[%emt
00:00:04]} 31. Rb2 {[%clk 00:42:28]} {[%emt 00:01:04]} Kf6 {[%clk 00:47:06]}
{[%emt 00:00:22]} 32. f3 {[%clk 00:40:58]} {[%emt 00:02:02]} Ke5 {[%clk
00:46:00]} {[%emt 00:01:34]} 33. Rd2 {[%clk 00:36:28]} {[%emt 00:05:00]} a5
{[%clk 00:45:46]} {[%emt 00:00:45]} 34. Kf2 {[%clk 00:34:26]} {[%emt 00:02:31]}
b4 {[%clk 00:46:04]} {[%emt 00:00:12]} 35. h4 {[%clk 00:34:29]} {[%emt
00:00:27]} a4 {[%clk 00:46:15]} {[%emt 00:00:20]} 36. Rb2 {[%clk 00:34:55]}
{[%emt 00:00:04]} b3 {[%clk 00:46:30]} {[%emt 00:00:15]} 37. axb3 {[%clk
00:35:20]} {[%emt 00:00:05]} axb3 {[%clk 00:46:52]} {[%emt 00:00:08]} 38. Ke3
{[%clk 00:35:45]} {[%emt 00:00:04]} h5 {[%clk 00:43:16]} {[%emt 00:04:07]} 39.
g3 {[%clk 00:35:32]} {[%emt 00:00:44]} Kf5 {[%clk 00:41:28]} {[%emt 00:02:18]}
40. Kd3 {[%clk 00:33:29]} {[%emt 00:02:33]} Ra2 {[%clk 00:41:46]} {[%emt
00:00:13]} 41. Rxb3 {[%clk 00:33:47]} {[%emt 00:00:12]} Rg2 {[%clk 00:42:09]}
{[%emt 00:00:06]} 42. Ke3 {[%clk 00:31:54]} {[%emt 00:02:24]} Rxg3 {[%clk
00:42:11]} {[%emt 00:00:28]} 43. Kf2 {[%clk 00:32:20]} {[%emt 00:00:04]} Rh3
{[%clk 00:41:45]} {[%emt 00:00:56]} 44. Rb4 {[%clk 00:32:36]} {[%emt 00:00:14]}
Rh1 {[%clk 00:42:05]} {[%emt 00:00:10]} 45. Kg2 {[%clk 00:32:20]} {[%emt
00:00:45]} Rd1 {[%clk 00:41:46]} {[%emt 00:00:49]} 46. Kg3 {[%clk 00:30:37]}
{[%emt 00:02:13]} g5 {[%clk 00:38:52]} {[%emt 00:03:24]} 47. hxg5 {[%clk
00:25:40]} {[%emt 00:05:27]} Kxg5 {[%clk 00:39:15]} {[%emt 00:00:08]} 48. Rb8
{[%clk 00:25:39]} {[%emt 00:00:31]} Rd3 {[%clk 00:35:17]} {[%emt 00:04:28]} 49.
Rg8+ {[%clk 00:21:34]} {[%emt 00:04:35]} Kf6 {[%clk 00:33:22]} {[%emt
00:02:25]} 50. Rh8 {[%clk 00:20:09]} {[%emt 00:01:54]} e5 {[%clk 00:32:56]}
{[%emt 00:00:57]} 51. Rxh5 {[%clk 00:20:01]} {[%emt 00:00:37]} e4 {[%clk
00:33:22]} {[%emt 00:00:05]} 52. Kf2 {[%clk 00:20:23]} {[%emt 00:00:08]} Rxf3+
{[%clk 00:33:42]} {[%emt 00:00:10]} 53. Ke2 {[%clk 00:20:48]} {[%emt 00:00:05]}
Rf5 {[%clk 00:33:58]} {[%emt 00:00:14]} 54. Rxf5+ {[%clk 00:20:55]} {[%emt
00:00:23]} Kxf5 {[%clk 00:34:23]} {[%emt 00:00:06]} 55. Ke3 {[%clk 00:21:21]}
{[%emt 00:00:03]} Ke6 {[%clk 00:34:49]} {[%emt 00:00:04]} 56. Kxe4 {[%clk
00:21:47]} {[%emt 00:00:05]} 1/2-1/2